Pays modernes de l'Empire néerlandais sur une carte - Statistiques

Statistiques générales
  • Ce quiz a été pris 306 fois
  • Le résultat moyen est 13 sur 15
Réponses sur la Carte
Les réponses sont colorées sur une échelle allant du rouge au vert en fonction du pourcentage des utilisateurs qui les ont devinées à leur premier essai. Vous pouvez retrouver ces pourcentages ci-dessous.
 
Statistiques - réponses
Pays % Correct
Pays-Bas
97%
Belgique
96%
Indonésie
95%
Brésil
94%
États-Unis
93%
Suriname
92%
Afrique du Sud
89%
Taïwan
88%
Guyana
87%
Inde
85%
France
84%
Sri Lanka
83%
Luxembourg
79%
Côte d'Ivoire
58%
Ghana
58%
Aucun quiz correspondant
Distribution des résultats
% des personnes avec chaque résultat
Percentile par nombre de réponses
Votre historique - résultats
Vous n’avez pas pris ce quiz